Comportamiento animal: un enfoque evolutivo y ecológico
Saved in:
| Main Author: | |
|---|---|
| Format: | Book |
| Language: | Spanish |
| Published: |
Madrid
McGraw Hill
2001
|
| Subjects: | |
| Tags: |
Add Tag
No Tags, Be the first to tag this record!
|
MARC
| LEADER | 00000cam a2200000 a 4500 | ||
|---|---|---|---|
| 001 | UCK0092 | ||
| 003 | CL-VaPUC | ||
| 005 | 20210826074602.0 | ||
| 008 | 040915e20010000SP |||||||||||||||||spa|d | ||
| 999 | |c 310627 |d 310625 | ||
| 020 | |a 8448130146 | ||
| 040 | |c Pontificia Universidad Católica de Valparaíso | ||
| 082 | 0 | 4 | |a 591.5 MAI 2001 |2 21 |
| 100 | |a Maier, Richard |e autor |9 487998 | ||
| 245 | 1 | 0 | |a Comportamiento animal: un enfoque evolutivo y ecológico |
| 260 | |a Madrid |b McGraw Hill |c 2001 | ||
| 300 | |a 582 páginas | ||
| 583 | |a last modification |c 20130102 08:35:44 |k Rodrigo Vera | ||
| 650 | 7 | |a ETOLOGIA |2 CL-VaPUC |9 269657 | |
| 650 | 7 | |a COMPORTAMIENTO ANIMAL |2 CL-VaPUC |9 334602 | |
| 650 | 0 | |a Psicología aplicada |9 270762 | |
| 942 | |c BK |2 ddc | ||
| 945 | |d 20040915 00:00:00 |a vberengu | ||
| 952 | |0 0 |1 0 |2 ddc |4 0 |6 591_500000000000000_MAI_2001 |7 0 |8 A |9 379464 |a BIBCUR |b BIBCUR |d 2019-11-21 |i 4174453 |o 591.5 MAI 2001 |p 4174453 |r 2025-04-22 |t 3 |w 2019-11-21 |y BK |k BIO | ||
| 952 | |0 0 |1 0 |2 ddc |4 0 |6 591_500000000000000_MAI_2001 |7 0 |8 A |9 379465 |a BIBCUR |b BIBCUR |d 2019-11-21 |i 4174461 |o 591.5 MAI 2001 |p 4174461 |r 2025-04-22 |t 4 |w 2019-11-21 |y BK |k BIO | ||
| 952 | |0 0 |1 0 |2 ddc |4 0 |6 591_500000000000000_MAI_2001 |7 0 |8 A |9 379466 |a BIBCUR |b BIBCUR |d 2019-11-21 |i 417447K |o 591.5 MAI 2001 |p 417447K |r 2025-04-22 |t 5 |w 2019-11-21 |y BK |k BIO | ||
| 952 | |0 0 |1 0 |2 ddc |4 0 |6 591_500000000000000_MAI_2001 |7 0 |8 A |9 379467 |a BIBCUR |b BIBCUR |d 2019-11-21 |i 4174488 |o 591.5 MAI 2001 |p 4174488 |r 2025-04-22 |t 6 |w 2019-11-21 |y BK |k BIO | ||
| 952 | |0 0 |1 0 |2 ddc |4 0 |6 591_500000000000000_MAI_2001 |7 0 |8 A |9 379468 |a BIBCUR |b BIBCUR |d 2019-11-21 |i 4174496 |l 1 |m 1 |o 591.5 MAI 2001 |p 4174496 |r 2025-04-22 |s 2023-03-16 |t 7 |w 2019-11-21 |y BK |k BIO | ||
| 952 | |0 0 |1 0 |2 ddc |4 0 |6 591_500000000000000_MAI_2001 |7 0 |8 A |9 379469 |a BIBCUR |b BIBCUR |d 2019-11-21 |i 417450K |l 1 |o 591.5 MAI 2001 |p 417450K |r 2025-04-22 |s 2022-05-09 |t 8 |w 2019-11-21 |y BK |k BIO | ||
| 952 | |0 0 |1 0 |2 ddc |4 0 |6 591_500000000000000_MAI_2001 |7 0 |8 A |9 379470 |a BIBCUR |b BIBCUR |d 2019-11-21 |i 4174518 |o 591.5 MAI 2001 |p 4174518 |r 2025-04-22 |t 9 |w 2019-11-21 |y BK |k BIO | ||
| 952 | |0 0 |1 0 |2 ddc |4 0 |6 591_500000000000000_MAI_2001 |7 0 |8 A |9 379471 |a BIBCUR |b BIBCUR |d 2019-11-21 |i 4174526 |l 1 |o 591.5 MAI 2001 |p 4174526 |r 2025-04-22 |s 2022-06-07 |t 10 |w 2019-11-21 |y BK |k BIO | ||
| 952 | |0 0 |1 0 |2 ddc |4 0 |6 591_500000000000000_MAI_2001 |7 0 |8 A |9 379472 |a BIBING |b BIBING |d 2019-11-21 |i 4362675 |l 2 |o 591.5 MAI 2001 |p 4362675 |r 2025-01-20 |s 2024-10-09 |t 12 |w 2019-11-21 |y BK |k GEO | ||
| 952 | |0 0 |1 0 |2 ddc |4 0 |6 591_500000000000000_MAI_2001 |7 0 |8 A |9 379473 |a BIBCUR |b BIBCUR |d 2019-11-21 |i 4390040 |l 2 |o 591.5 MAI 2001 |p 4390040 |r 2025-04-22 |s 2022-05-04 |t 11 |w 2019-11-21 |y BK |k BIO | ||